Etiqueta de registo: 00254nam 2200025 450
001 2182487
003 http://id.bnportugal.gov.pt/bib/catbnp/2182487
021 ## $aPT$b527793/24
100 ## $a20240909d2024 m d0pory01030103ba
101 0# $apor
102 ## $aPT
105 ## $aa b 000yy
106 ## $ar
200 1# $aArte box in the BAG$ftextos Ana Ventura Miranda... [et al.]$gfot. Gil Álvaro de Lemos
210 #9 $aLeiria$cBAG - Banco das Artes Galeria$cMunicípio de Leiria,$dD.L. 2024
215 ## $a37, [3] p.$cil.$d25 cm
675 ## $a7A/Z(=1:469)"19/20"(083.82)$vBN$zpor$31342211
675 ## $a7.03(=1:469)"19/20"(083.82)$vBN$zpor$31927715
702 #1 $aMiranda,$bAna Ventura,$f1977-$4070$31927531
702 #1 $aLemos,$bGil Álvaro de$4600$31894443
801 #0 $aPT$bBN$gRPC
856 41 $uhttp://rnod.bnportugal.gov.pt/ImagesBN/winlibimg.aspx?skey=&doc=2182487&img=198094&save=true
900 ## $aBIBNAC$d20241008
966 ## $lBN$mFGMON$sB.A. 51491 V.$x1
966 ## $lBN$mFGMON$sB.A. 51491 V.-D$x1
971 ## $cabrito$d20240909
972 ## $e0$z0$d20241008$vasantos
973 ## $ctrodrigues$d20240910
Etiqueta de registo: 00254nam 2200025 450
001 2286575
003 http://id.bnportugal.gov.pt/bib/catbnp/2286575
021 ## $aPT$b55534/25
100 ## $a20260520d2025 m y0pory01030103ba
101 0# $apor
102 ## $aPT
105 ## $aya g 000yy
106 ## $ar
200 1# $aPortugal contemporâneo no Brasil$eroteiro$fcoord. Ana Ventura Miranda
210 #9 $a[S.l.]$cArte Institute,$dD.L. 2025
215 ## $a73, [3] p.$cil.$d17 cm
675 ## $a7A/Z(=1:469)(81)(036)$vBN$zpor$32001981
702 #1 $aMiranda,$bAna Ventura,$f1977-$4340$31927531
801 #0 $aPT$bBN$gRPC
856 41 $uhttp://rnod.bnportugal.gov.pt/ImagesBN/winlibimg.aspx?skey=&doc=2286575&img=223817&save=true
966 ## $lBN$mFGMON$sB.A. 12624 P.$x1
966 ## $lBN$mFGMON$sB.A. 12624 P.-D$x1
971 ## $cisantos$d20260520
973 ## $ctrodrigues$d20260629